000 00587nam a2200205Ia 4500
005 20250507130336.0
008 008 250505s9999 xx 000 0 eng d
020 _a0-7007-1743-9
037 _aAnnuals, Advances
040 _aEASL
_beng
_cEASL
041 _aeng
_2eng
084 _aX:9F,5.42, P3
_qEASL
100 _aBroadbent Kaye Au.
_9665097
245 0 _aWomen's Employment in Japan
260 _aUK
_bLondon Routledge
_c2003
300 _aviii,168p.
490 _aWomen in Asia
_vV.1
942 _cTEXL
_hX:9F,5.42, P3
999 _c1319124
_d1319124